000 01075nam a2200373 a 4500
003 AR-BaBNM
005 20251128203425.0
008 082120s2002 ||||||||||||||000 | spa||
040 _cAR-BaBNM
245 0 0 _aLa próxima confrontación
_b¿ después de 1989 sobrevivirá la sociedad libre ?
260 _aBuenos Aires
_bEudeba
_c1981
300 _axlvii, 174 p.
490 0 _aTemas
504 _aContiene bibliografía en notas a pie de página
650 4 _aPOLITICA DE DESARROLLO
650 4 _aPOLITICA INTERNACIONAL
650 4 _aRELACIONES INTERNACIONALES
650 4 _aDESARROLLO ECONOMICO Y SOCIAL
650 4 _aESTRATEGIAS DE DESARROLLO
650 4 _aPOLITICA GUBERNAMENTAL
650 4 _aMERCADOS
650 4 _aPLANIFICACION ECONOMICA
700 1 _aChaloner, W.H.
700 1 _aGash, Norman
700 1 _aHayek, F.A.
700 1 _aGould, Julius
700 1 _aPearce, Yvor
700 1 _aHartwell, Max
700 1 _aGrimond, Jo
700 1 _aHarris, Ralph
700 1 _aColombres, Guillermo
_etraductor
942 _cBK
998 _csilvi
999 _c3326
_d3326